Participácia spotrebiteľov na aktivitách podniku a nové trendy v spotrebiteľskom správaní

V súčasnom vysoko prepojenom modernom svete sa úloha spotrebiteľov výrazne zmenila vďaka aktívnej spolupráci s podnikmi v oblasti inovácií produktov a procesov. Presnejšie, účasť spotrebiteľov sa stala kľúčom k rozvoju tovarov a služieb, pretože podniky sa čoraz viac spoliehajú na názor spotrebiteľo...

ver descrição completa

Na minha lista:
Detalhes bibliográficos
Autor principal: Danková, Lenka, 1993-
Formato: Capítulo de Livro
Idioma:eslovaco
Assuntos:
Tags: Adicionar Tag
Sem tags, seja o primeiro a adicionar uma tag!

MARC

LEADER 00000naa$a2200000$$$4500
001 0258136
005 20240502074105.0
041 0 |a slo 
044 |a SK 
245 1 0 |a Participácia spotrebiteľov na aktivitách podniku a nové trendy v spotrebiteľskom správaní  |c Lenka Danková 
520 |a V súčasnom vysoko prepojenom modernom svete sa úloha spotrebiteľov výrazne zmenila vďaka aktívnej spolupráci s podnikmi v oblasti inovácií produktov a procesov. Presnejšie, účasť spotrebiteľov sa stala kľúčom k rozvoju tovarov a služieb, pretože podniky sa čoraz viac spoliehajú na názor spotrebiteľov ako na zdroj inovatívnych myšlienok. Oboznámenie sa s témou týkajúcou sa participácie spotrebiteľov na tvorbe hodnoty v podnikoch a tiež bližšia identifikácia komunitných iniciatív na online platformách. Nové trendy v spotrebiteľskom správaní, ktoré majú na svedomí aj vznik online komunitných iniciatív. 
610 2 0 |a spotrebitelia 
610 2 0 |a správanie spotrebiteľa 
610 2 0 |a podnik 
100 1 |a Danková, Lenka, 1993-